[Event "WC-2016-P-00018"]
[Site "LSS email"]
[Date "2012.02.12"]
[Round "?"]
[White "Conterno, Dominique"]
[Black "Pasqua, Giovanni"]
[Result "1-0"]
[WhiteElo "2115"]
[BlackElo "1634"]
[PlyCount "61"]
[EventDate "2012.02.15"]
[EventType "tourn (corr)"]
[EventRounds "12"]
[EventCountry "GER"]
[SourceTitle "Telechess CBM 161"]
[Source "ChessBase"]
[SourceDate "2014.07.16"]
[SourceVersion "1"]
[SourceVersionDate "2014.07.16"]
[SourceQuality "1"]

1. e4 c5 2. Nf3 d6 3. d4 cxd4 4. Nxd4 Nf6 5. Nc3 a6 6. Bc4 e6 7. Bb3 b5 8. 0-0 Be7 9. Qf3 Qb6 10. Be3 Qb7 11. Qg3 b4 12. Na4 Nbd7 13. f3 0-0 14. Rfd1 Nh5 15. Qe1 Rb8 16. a3 bxa3 17. Rxa3 Ne5 18. Nc3 Nf6 19. Kh1 d5 20. Bf4 Bxa3 21. bxa3 Ned7 22. Bxb8 Nxb8 23. exd5 exd5 24. Qd2 h6 25. Nde2 Be6 26. Nf4 Nc6 27. Re1 Qd7 28. Ncxd5 Nxd5 29. Bxd5 Rd8 30. c4 Bxd5 31. Nxd5 1-0

[Event "SB-2012-0-00210"]
[Site "LSS email"]
[Date "2012.02.08"]
[Round "?"]
[White "Bergmann, Paulo Fernando Brit"]
[Black "Pasqua, Giovanni"]
[Result "1-0"]
[WhiteElo "2067"]
[BlackElo "1630"]
[PlyCount "61"]
[EventDate "2012.01.19"]
[EventType "tourn (corr)"]
[EventRounds "6"]
[EventCountry "GER"]
[SourceTitle "Telechess CBM 159"]
[Source "ChessBase"]
[SourceDate "2014.03.17"]
[SourceVersion "1"]
[SourceVersionDate "2014.03.17"]
[SourceQuality "1"]

1. d4 f5 2. g3 Nf6 3. Bg2 e6 4. c4 Be7 5. Nc3 0-0 6. Nf3 d5 7. 0-0 c6 8. b3 Qe8 9. Bb2 Nbd7 10. e3 Ne4 11. Ne2 b6 12. Nf4 Bd6 13. Ne5 Bb7 14. Rc1 Rc8 15. Qe2 Nxe5 16. dxe5 Bb8 17. Rfd1 Qe7 18. b4 Rcd8 19. cxd5 exd5 20. Nd3 Rc8 21. a4 Rfe8 22. f3 Ng5 23. f4 Ne4 24. g4 Qf8 25. Qc2 fxg4 26. Bxe4 dxe4 27. Nf2 Qf7 28. Nxe4 h6 29. f5 Rxe5 30. Bxe5 Bxe5 31. Nd6 1-0

[Event "SB-2012-0-00210"]
[Site "LSS email"]
[Date "2012.02.07"]
[Round "?"]
[White "Hrvacic, Pavle"]
[Black "Pasqua, Giovanni"]
[Result "1-0"]
[WhiteElo "1653"]
[BlackElo "1630"]
[PlyCount "27"]
[EventDate "2012.01.19"]
[EventType "tourn (corr)"]
[EventRounds "6"]
[EventCountry "GER"]
[SourceTitle "Corr 2015"]
[Source "ChessBase"]
[SourceDate "2015.07.17"]
[SourceVersion "1"]
[SourceVersionDate "2015.07.17"]
[SourceQuality "1"]

1. e4 e5 2. Nf3 Nc6 3. d4 exd4 4. Nxd4 Nf6 5. Nxc6 bxc6 6. Bd3 d5 7. 0-0 dxe4 8. Qe1 Bf5 9. Bg5 Be7 10. Bxf6 Bxf6 11. Bxe4 0-0 12. Bxf5 Bxb2 13. Na3 Bxa3 14. Qc3 1-0

[Event "SB-2012-0-00206"]
[Site "LSS email"]
[Date "2012.01.20"]
[Round "?"]
[White "Pasqua, Giovanni"]
[Black "Van Bommel, Ton"]
[Result "0-1"]
[WhiteElo "1634"]
[BlackElo "2059"]
[PlyCount "70"]
[EventDate "2012.01.04"]
[EventType "tourn (corr)"]
[EventRounds "6"]
[EventCountry "GER"]
[SourceTitle "Telechess CBM 161"]
[Source "ChessBase"]
[SourceDate "2014.07.16"]
[SourceVersion "1"]
[SourceVersionDate "2014.07.16"]
[SourceQuality "1"]

1. e4 c5 2. Nf3 d6 3. d4 cxd4 4. Nxd4 Nf6 5. Nc3 a6 6. f3 Qb6 7. g4 Nc6 8. Nb3 h6 9. Qe2 Qc7 10. Be3 Ne5 11. 0-0-0 b5 12. a4 bxa4 13. Nxa4 Be6 14. Kb1 Rb8 15. Qxa6 Bc8 16. Bb6 Bxa6 17. Bxc7 Ra8 18. f4 Bxf1 19. fxe5 Be2 20. Rd2 Rxa4 21. exf6 Bxg4 22. Rg1 Rxe4 23. h3 Bxh3 24. fxg7 Bxg7 25. Rxg7 h5 26. Rg1 Bd7 27. Rh2 h4 28. Nd2 Rg4 29. Re1 Be6 30. Bb6 Kd7 31. Bf2 h3 32. Reh1 Rg6 33. b3 Rhg8 34. c4 Rf6 35. Bd4 Bf5+ 0-1

[Event "SB-2011-0-00203"]
[Site "LSS email"]
[Date "2012.01.07"]
[Round "?"]
[White "Pasqua, Giovanni"]
[Black "Sukhanitskij, Stanislav"]
[Result "0-1"]
[WhiteElo "1623"]
[BlackElo "1966"]
[PlyCount "68"]
[EventDate "2011.12.23"]
[EventType "tourn (corr)"]
[EventRounds "6"]
[EventCountry "GER"]
[SourceTitle "Telechess CBM 163"]
[Source "ChessBase"]
[SourceDate "2014.11.11"]
[SourceVersion "2"]
[SourceVersionDate "2014.11.11"]
[SourceQuality "1"]

1. Nf3 Nf6 2. g3 d5 3. Bg2 c6 4. d3 Bf5 5. Nbd2 e6 6. Nh4 Bd6 7. Nxf5 exf5 8. e4 fxe4 9. dxe4 0-0 10. 0-0 Nbd7 11. exd5 Nxd5 12. Nc4 N7b6 13. Na5 Rb8 14. c4 Nf6 15. Qc2 Nbd7 16. Bd2 Qc7 17. Rfe1 Rfe8 18. Nb3 Rbd8 19. Rad1 Rxe1+ 20. Bxe1 Re8 21. Ba5 Qb8 22. Bc3 Be5 23. Nd4 c5 24. Nb5 Bxc3 25. Nxc3 Nf8 26. Nd5 Nxd5 27. cxd5 Qd6 28. Qa4 Re2 29. Qb5 Re7 30. Rc1 b6 31. a3 g6 32. b4 Rc7 33. bxc5 bxc5 34. a4 Nd7 0-1

[Event "SB-2011-0-00200"]
[Site "LSS email"]
[Date "2011.12.28"]
[Round "?"]
[White "Obukhov, Gennady Nikolaevich"]
[Black "Pasqua, Giovanni"]
[Result "1/2-1/2"]
[WhiteElo "1908"]
[BlackElo "1618"]
[PlyCount "33"]
[EventDate "2011.12.09"]
[EventType "tourn (corr)"]
[EventRounds "6"]
[EventCountry "GER"]
[SourceTitle "Corr 2015"]
[Source "ChessBase"]
[SourceDate "2015.07.17"]
[SourceVersion "1"]
[SourceVersionDate "2015.07.17"]
[SourceQuality "1"]

1. d4 Nf6 2. Bg5 Ne4 3. Bf4 g5 4. Be5 Rg8 5. Nd2 d6 6. Nxe4 dxe5 7. e3 exd4 8. exd4 Nc6 9. c3 Qd5 10. Bd3 f5 11. Qh5+ Qf7 12. Qxf7+ Kxf7 13. Ng3 e6 14. Nf3 Bd6 15. 0-0-0 Kg6 16. Bc4 Re8 17. Rhe1 1/2-1/2

[Event "SB-2011-0-00200"]
[Site "LSS email"]
[Date "2011.12.28"]
[Round "?"]
[White "Pasqua, Giovanni"]
[Black "Vodicka, Milan"]
[Result "1/2-1/2"]
[WhiteElo "1618"]
[BlackElo "2000"]
[PlyCount "114"]
[EventDate "2011.12.09"]
[EventType "tourn (corr)"]
[EventRounds "6"]
[EventCountry "GER"]
[SourceTitle "Corr 2015"]
[Source "ChessBase"]
[SourceDate "2015.07.17"]
[SourceVersion "1"]
[SourceVersionDate "2015.07.17"]
[SourceQuality "1"]

1. e4 c5 2. Nf3 d6 3. d4 cxd4 4. Nxd4 Nf6 5. Nc3 g6 6. Be3 Bg7 7. f3 0-0 8. Qd2 Nc6 9. 0-0-0 d5 10. exd5 Nxd5 11. Nxc6 bxc6 12. Bd4 e5 13. Bc5 Re8 14. Ne4 Be6 15. h4 h6 16. g4 Qc7 17. g5 h5 18. Bd6 Qb7 19. Qd3 Red8 20. Qa3 Nc7 21. Nc5 Qb6 22. Nxe6 Nxe6 23. Bc4 c5 24. Bxe6 Rxd6 25. Bd5 Rad8 26. c4 Qc7 27. Rhf1 Rb8 28. Rf2 Rdb6 29. Be4 Bf8 30. Rfd2 Rd6 31. Rxd6 Bxd6 32. Qd3 Rd8 33. Qc3 Kh7 34. Qe1 Kg7 35. Bd5 a5 36. Qc3 Kh7 37. Kb1 Bf8 38. Rd2 Rb8 39. Qd3 Rb6 40. Qc2 Qd7 41. Qc3 Qc7 42. Be4 a4 43. Rd5 Bd6 44. Qd2 a3 45. b3 Ra6 46. Qe2 Bf8 47. Qh2 Qc8 48. Kc2 Rd6 49. Rxe5 Bg7 50. Re7 Rd7 51. Rxd7 Qxd7 52. Qd2 Qd4 53. Qxd4 Bxd4 54. b4 cxb4 55. Kb3 Bc5 56. f4 Kg7 57. f5 Bd6 1/2-1/2

[Event "RB-2011-0-00158"]
[Site "LSS email"]
[Date "2011.12.24"]
[Round "?"]
[White "Pasqua, Giovanni"]
[Black "Soreghy, Janos"]
[Result "1/2-1/2"]
[WhiteElo "1612"]
[BlackElo "1883"]
[PlyCount "64"]
[EventDate "2011.12.05"]
[EventType "tourn (corr)"]
[EventRounds "6"]
[EventCountry "GER"]
[SourceTitle "Telechess CBM 155"]
[Source "ChessBase"]
[SourceDate "2013.07.16"]
[SourceVersion "1"]
[SourceVersionDate "2013.07.16"]
[SourceQuality "1"]

1. e4 e6 2. d4 d5 3. Nc3 Bb4 4. e5 c5 5. a3 Bxc3+ 6. bxc3 Ne7 7. Qg4 Qc7 8. Qxg7 Rg8 9. Qxh7 cxd4 10. Ne2 Nbc6 11. f4 Bd7 12. Rb1 dxc3 13. Qd3 d4 14. Ng3 0-0-0 15. Be2 Na5 16. Qxd4 Bb5 17. Qf2 Bxe2 18. Nxe2 Nf5 19. h3 Rd2 20. Bxd2 cxd2+ 21. Kxd2 Nc4+ 22. Kc1 Nfe3 23. Qf3 Rxg2 24. Nd4 Nxa3 25. Qxe3 Nxc2 26. Rxb7 Nxe3+ 27. Rxc7+ Kxc7 28. h4 Rf2 29. h5 Ng4 30. h6 Nxh6 31. Rxh6 Rxf4 32. Nb5+ Kc6 1/2-1/2

[Event "ZI-2011-0-01177"]
[Site "LSS email"]
[Date "2011.12.09"]
[Round "?"]
[White "Pasqua, Giovanni"]
[Black "Reede, Arvo"]
[Result "1-0"]
[WhiteElo "1871"]
[BlackElo "1637"]
[PlyCount "67"]
[EventDate "2011.12.05"]
[EventType "match (corr)"]
[EventRounds "2"]
[EventCountry "GER"]
[SourceTitle "Telechess CBM 149"]
[Source "ChessBase"]
[SourceDate "2012.07.17"]
[SourceVersion "1"]
[SourceVersionDate "2012.07.17"]
[SourceQuality "1"]

1. Nf3 Nf6 2. d4 d5 3. c4 e6 4. Nc3 Bb4 5. Bg5 dxc4 6. e4 c5 7. Bxc4 cxd4 8. Nxd4 Qa5 9. Bd2 Qc5 10. Bb5+ Nc6 11. Nb3 Qb6 12. 0-0 0-0 13. Bxc6 Qxc6 14. Re1 Qa6 15. e5 Bxc3 16. Nc5 Qc6 17. Bxc3 Nd5 18. Ne4 Bd7 19. Bd4 Qa4 20. Qg4 Rfd8 21. Nf6+ Nxf6 22. exf6 g6 23. Re4 Qb4 24. Be5 Qf8 25. Bc7 Rdc8 26. Qf4 Bc6 27. Bd6 e5 28. Qd2 Rd8 29. Rd4 Rxd6 30. Rxd6 h6 31. Rd1 Kh7 32. h4 Qc8 33. Rd8 Qxd8 34. Qxd8 1-0

[Event "RB-2011-0-00154"]
[Site "LSS email"]
[Date "2011.12.06"]
[Round "?"]
[White "Morcin, Tom"]
[Black "Pasqua, Giovanni"]
[Result "1/2-1/2"]
[WhiteElo "1999"]
[BlackElo "1612"]
[PlyCount "93"]
[EventDate "2011.11.14"]
[EventType "tourn (corr)"]
[EventRounds "6"]
[EventCountry "GER"]
[SourceTitle "Telechess CBM 155"]
[Source "ChessBase"]
[SourceDate "2013.07.16"]
[SourceVersion "1"]
[SourceVersionDate "2013.07.16"]
[SourceQuality "1"]

1. e4 c5 2. Nf3 Nc6 3. d4 cxd4 4. Nxd4 e5 5. Nb5 d6 6. N1c3 a6 7. Na3 b5 8. Nd5 Nf6 9. Bg5 Be7 10. Bxf6 Bxf6 11. c3 0-0 12. Nc2 Bg5 13. a4 bxa4 14. Rxa4 a5 15. Bc4 Rb8 16. Ra2 Be6 17. 0-0 Qd7 18. b3 Kh8 19. Nce3 g6 20. Kh1 Bh6 21. f3 f5 22. Qd3 fxe4 23. fxe4 Kg7 24. Raf2 Rxf2 25. Rxf2 Bg5 26. Rf1 Ne7 27. Qd1 Nxd5 28. Nxd5 h5 29. Qa1 Qa7 30. Nb6 Bxc4 31. Nxc4 Rxb3 32. Nxd6 Qb8 33. Qd1 Be7 34. Ne8+ Kh8 35. Nc7 a4 36. Nd5 Bg5 37. c4 a3 38. Qa1 Bh6 39. h3 Bf8 40. Kh2 Kg7 41. Qc1 Qd8 42. c5 a2 43. c6 Rb1 44. c7 Qc8 45. Qxb1 axb1Q 46. Rxb1 Bd6 47. Rb8 1/2-1/2

[Event "RB-2011-0-00154"]
[Site "LSS email"]
[Date "2011.12.06"]
[Round "?"]
[White "Seiler, Peter"]
[Black "Pasqua, Giovanni"]
[Result "0-1"]
[WhiteElo "1706"]
[BlackElo "1612"]
[PlyCount "24"]
[EventDate "2011.11.14"]
[EventType "tourn (corr)"]
[EventRounds "6"]
[EventCountry "GER"]
[SourceTitle "Corr 2015"]
[Source "ChessBase"]
[SourceDate "2015.07.17"]
[SourceVersion "1"]
[SourceVersionDate "2015.07.17"]
[SourceQuality "1"]

1. e4 c5 2. d4 cxd4 3. c3 dxc3 4. Nxc3 Nc6 5. Nf3 e6 6. Bc4 Qc7 7. 0-0 Nf6 8. Nb5 Qb8 9. e5 Nxe5 10. Bf4 d6 11. Re1 Nxc4 12. Qa4 Be7 0-1

[Event "RB-2011-0-00152"]
[Site "LSS email"]
[Date "2011.11.23"]
[Round "?"]
[White "Pasqua, Giovanni"]
[Black "Santos, Sebastiao"]
[Result "1/2-1/2"]
[WhiteElo "1909"]
[BlackElo "1884"]
[PlyCount "64"]
[EventDate "2011.11.02"]
[EventType "tourn (corr)"]
[EventRounds "6"]
[EventCountry "GER"]
[SourceTitle "Telechess CBM 157"]
[Source "ChessBase"]
[SourceDate "2013.11.12"]
[SourceVersion "1"]
[SourceVersionDate "2013.11.12"]
[SourceQuality "1"]

1. e4 c5 2. Nf3 Nc6 3. Nc3 e5 4. Bc4 Be7 5. d3 d6 6. Nd2 Nf6 7. Nf1 Bg4 8. f3 Be6 9. Ne3 0-0 10. 0-0 Rb8 11. Bd2 Nh5 12. a4 Bg5 13. Ncd5 h6 14. b3 Re8 15. Ra2 Bxe3+ 16. Nxe3 Nf6 17. Qe1 d5 18. Bb5 d4 19. Nc4 Bxc4 20. Bxc4 Nh5 21. Ra1 Qf6 22. Kh1 Qe7 23. f4 Nxf4 24. Bxf4 exf4 25. Rxf4 Ne5 26. Bd5 Qc7 27. Qg3 Re7 28. Raf1 Kh7 29. Rf5 Rf8 30. Qf4 f6 31. Kg1 Qa5 32. h3 Ng6 1/2-1/2

[Event "RB-2011-0-00152"]
[Site "LSS email"]
[Date "2011.11.23"]
[Round "?"]
[White "Pasqua, Giovanni"]
[Black "Silva Filho, Alcindo Luz Bastos"]
[Result "0-1"]
[WhiteElo "1909"]
[BlackElo "1969"]
[PlyCount "182"]
[EventDate "2011.11.02"]
[EventType "tourn (corr)"]
[EventRounds "6"]
[EventCountry "GER"]
[SourceTitle "Telechess CBM 157"]
[Source "ChessBase"]
[SourceDate "2013.11.12"]
[SourceVersion "1"]
[SourceVersionDate "2013.11.12"]
[SourceQuality "1"]

1. d4 Nf6 2. c4 e6 3. g3 d5 4. Nf3 Be7 5. Bg2 0-0 6. 0-0 Nbd7 7. Qc2 c6 8. Bf4 b6 9. Rd1 Nh5 10. Bc1 Nhf6 11. b3 Ba6 12. Bf4 Rc8 13. Nc3 Qe8 14. h3 c5 15. e4 cxd4 16. Nxd4 e5 17. exd5 exd4 18. d6 Bxd6 19. Bxd6 dxc3 20. Re1 Qd8 21. Bxf8 Nxf8 22. Rad1 Qc7 23. Qxc3 Bb7 24. Qe5 Bxg2 25. Qxc7 Rxc7 26. Kxg2 g6 27. Rd6 Kg7 28. Red1 g5 29. Re1 Ne6 30. Re5 h5 31. f3 h4 32. gxh4 gxh4 33. Kf2 Kg6 34. Red5 Rc8 35. Re5 Ne8 36. Rd7 Ra8 37. Ke3 N8g7 38. Rdd5 Re8 39. Kf2 Rh8 40. Re4 Nf5 41. Rg4+ Kf6 42. a4 Ng5 43. a5 Ra8 44. Rb5 Rd8 45. Rd5 Re8 46. f4 Ne4+ 47. Kg1 Ra8 48. axb6 axb6 49. Rd3 Nc5 50. Rc3 Nd4 51. Re3 Ncxb3 52. f5 Ra1+ 53. Kg2 Rc1 54. Rxh4 Nxf5 55. Rf3 Nd2 56. Rf2 Nxc4 57. Rhf4 Nce3+ 58. Kh2 b5 59. Rb4 Rc5 60. Rfb2 Nd6 61. h4 Nc2 62. Rg4 Nf5 63. Ra2 Ncd4 64. h5 Rc8 65. Ra6+ Ke5 66. Ra3 Rh8 67. Rh3 b4 68. Rg1 b3 69. Rb1 Kf4 70. Rf1+ Kg5 71. Rg1+ Kh6 72. Rf1 Rb8 73. Kg2 Nc2 74. Rb1 Nfe3+ 75. Kf2 b2 76. Rxe3 Nxe3 77. Kxe3 f5 78. Kf4 Rb5 79. Ke3 Kxh5 80. Kf4 Kg6 81. Ke3 Kg5 82. Rg1+ Kf6 83. Rb1 Ke5 84. Kd3 f4 85. Kc4 Rb6 86. Kd3 f3 87. Ke3 Rb3+ 88. Kd2 Kd4 89. Kc2 Rb8 90. Rd1+ Ke3 91. Re1+ Kf2 0-1

[Event "RB-2011-0-00152"]
[Site "LSS email"]
[Date "2011.11.23"]
[Round "?"]
[White "Van Hooff, Ruud"]
[Black "Pasqua, Giovanni"]
[Result "1/2-1/2"]
[WhiteElo "1963"]
[BlackElo "1909"]
[PlyCount "83"]
[EventDate "2011.11.02"]
[EventType "tourn (corr)"]
[EventRounds "6"]
[EventCountry "GER"]
[SourceTitle "Telechess CBM 157"]
[Source "ChessBase"]
[SourceDate "2013.11.12"]
[SourceVersion "1"]
[SourceVersionDate "2013.11.12"]
[SourceQuality "1"]
[WhiteTeam "Suedwester"]

1. d4 Nf6 2. Nf3 d5 3. e3 e6 4. Bd3 c5 5. b3 cxd4 6. exd4 Bb4+ 7. c3 Be7 8. 0-0 0-0 9. Nbd2 b6 10. Qe2 a5 11. Ne5 Bb7 12. f4 a4 13. b4 a3 14. Rb1 Qc7 15. Rb3 Nc6 16. Qe3 Bd6 17. Qh3 Ne7 18. c4 dxc4 19. Ndxc4 Bd5 20. b5 Nf5 21. Be3 Bxc4 22. Bxc4 Bxe5 23. dxe5 Qxc4 24. exf6 Nd4 25. Bxd4 Qxd4+ 26. Qe3 Qxe3+ 27. Rxe3 gxf6 28. f5 e5 29. Rc1 Rfd8 30. Rc6 Rd2 31. Rxb6 Rxa2 32. Ra6 Rb8 33. Rexa3 Rxa3 34. Rxa3 Rxb5 35. Ra2 Rb4 36. g3 Kg7 37. Kf2 Kh6 38. h4 Kg7 39. Ra7 Rb2+ 40. Kf3 h5 41. Rc7 Rb4 42. Ra7 1/2-1/2

[Event "OP-2011-0-01887"]
[Site "LSS email"]
[Date "2011.11.18"]
[Round "?"]
[White "Pasqua, Giovanni"]
[Black "Mudra, Oldrich"]
[Result "1/2-1/2"]
[WhiteElo "1871"]
[BlackElo "2106"]
[PlyCount "76"]
[EventDate "2011.11.16"]
[EventType "tourn (corr)"]
[EventRounds "4"]
[EventCountry "GER"]
[SourceTitle "Telechess CBM 149"]
[Source "ChessBase"]
[SourceDate "2012.07.17"]
[SourceVersion "1"]
[SourceVersionDate "2012.07.17"]
[SourceQuality "1"]

1. e4 e5 2. Nf3 Nc6 3. Bb5 a6 4. Bxc6 dxc6 5. 0-0 f6 6. d4 Bg4 7. c3 Bd6 8. Nbd2 Nh6 9. h3 Be6 10. b3 Nf7 11. Nc4 0-0 12. Qc2 a5 13. Nxd6 cxd6 14. c4 a4 15. Be3 d5 16. Rad1 Qa5 17. dxe5 axb3 18. axb3 fxe5 19. b4 Qxb4 20. exd5 cxd5 21. cxd5 Rfc8 22. Qd3 e4 23. Qd4 Qxd4 24. Nxd4 Bxd5 25. Nf5 Bb3 26. Rb1 Rc3 27. Nxg7 Bc4 28. Rfc1 Rxc1+ 29. Rxc1 b5 30. Nf5 Ra6 31. Bf4 Rf6 32. g4 h5 33. Kh2 hxg4 34. hxg4 Ra6 35. Kg3 Ra4 36. Rc2 Ra6 37. Rc3 Kh7 38. Rc1 Kg8 1/2-1/2

[Event "OP-2011-0-01881"]
[Site "LSS email"]
[Date "2011.11.15"]
[Round "?"]
[White "Lewis, Jerome A"]
[Black "Pasqua, Giovanni"]
[Result "0-1"]
[WhiteElo "1128"]
[BlackElo "1909"]
[PlyCount "90"]
[EventDate "2011.11.12"]
[EventType "tourn (corr)"]
[EventRounds "4"]
[EventCountry "GER"]
[SourceTitle "Telechess CBM 157"]
[Source "ChessBase"]
[SourceDate "2013.11.12"]
[SourceVersion "1"]
[SourceVersionDate "2013.11.12"]
[SourceQuality "1"]

1. d4 e6 2. Nc3 d5 3. e4 Nf6 4. Bg5 dxe4 5. Nxe4 Nbd7 6. Nf3 h6 7. Bxf6 Nxf6 8. Bd3 Nxe4 9. Bxe4 c5 10. dxc5 Bxc5 11. Qxd8+ Kxd8 12. Rd1+ Kc7 13. Ne5 f6 14. Nd3 Bd6 15. 0-0 f5 16. Bf3 e5 17. Bd5 e4 18. Nc1 Rd8 19. a3 Be5 20. c3 Bd7 21. Rfe1 Ba4 22. Bb3 Bc6 23. Ne2 Rxd1 24. Rxd1 Rd8 25. Nd4 Bxd4 26. cxd4 Kd6 27. g3 g6 28. Bf7 g5 29. Rc1 Ke7 30. d5 Bxd5 31. Bxd5 Rxd5 32. Kf1 Kd7 33. Ke2 Rd3 34. Rc5 Ke6 35. Rb5 b6 36. a4 Rd4 37. a5 Rd5 38. Rxd5 Kxd5 39. axb6 axb6 40. b3 Kc5 41. Kd2 Kb4 42. Kc2 f4 43. g4 b5 44. Kb2 f3 45. Kc2 e3 0-1

[Event "OP-2011-0-01881"]
[Site "LSS email"]
[Date "2011.11.15"]
[Round "?"]
[White "Pasqua, Giovanni"]
[Black "Horse, Madera"]
[Result "1-0"]
[WhiteElo "1909"]
[BlackElo "1417"]
[PlyCount "77"]
[EventDate "2011.11.12"]
[EventType "tourn (corr)"]
[EventRounds "4"]
[EventCountry "GER"]
[SourceTitle "Telechess CBM 157"]
[Source "ChessBase"]
[SourceDate "2013.11.12"]
[SourceVersion "1"]
[SourceVersionDate "2013.11.12"]
[SourceQuality "1"]

1. e4 c5 2. Nf3 Nc6 3. d4 cxd4 4. Nxd4 Nf6 5. Nc3 e5 6. Ndb5 h6 7. Nd6+ Bxd6 8. Qxd6 Qe7 9. Qxe7+ Kxe7 10. Be3 d6 11. f3 Be6 12. 0-0-0 a6 13. b3 Rhc8 14. Kb2 b5 15. Rd2 Nb8 16. g4 b4 17. Na4 Nbd7 18. h4 Rc6 19. g5 hxg5 20. hxg5 Ne8 21. c4 bxc3+ 22. Nxc3 Nc5 23. Rh8 Rac8 24. Rc2 Rb6 25. Rhh2 a5 26. Bb5 Nc7 27. Bf1 N7a6 28. Rcd2 a4 29. Bxa6 Rxa6 30. Bxc5 axb3 31. Bb4 bxa2 32. Ka1 Kd7 33. Rb2 Rb8 34. Rh7 Kc6 35. Rh1 Kd7 36. Rd1 Rbb6 37. Nd5 Bxd5 38. Rxd5 Ra4 39. Bc3 1-0

[Event "RC-2011-0-00086"]
[Site "LSS email"]
[Date "2011.11.07"]
[Round "?"]
[White "Pasqua, Giovanni"]
[Black "Mityaev, Sergey Petrovich"]
[Result "1-0"]
[WhiteElo "1871"]
[BlackElo "1723"]
[PlyCount "90"]
[EventDate "2011.10.08"]
[EventType "tourn (corr)"]
[EventRounds "6"]
[EventCountry "GER"]
[SourceTitle "Telechess CBM 149"]
[Source "ChessBase"]
[SourceDate "2012.07.17"]
[SourceVersion "1"]
[SourceVersionDate "2012.07.17"]
[SourceQuality "1"]

1. e4 c5 2. Nf3 d6 3. d4 cxd4 4. Nxd4 Nf6 5. Nc3 a6 6. Be3 e5 7. Nb3 Be6 8. Be2 Be7 9. Nd5 Nxd5 10. exd5 Bf5 11. Qd2 Nd7 12. 0-0 Rc8 13. Rac1 0-0 14. Na5 Qc7 15. Nc4 Bg6 16. a4 f5 17. f4 e4 18. a5 Bf6 19. b3 Bf7 20. Qb4 Nc5 21. g4 g6 22. Kh1 Kh8 23. Rg1 Qe7 24. gxf5 gxf5 25. Rg3 Rg8 26. Rcg1 Rgf8 27. Bf1 Bg6 28. Bh3 Rg8 29. Qb6 Rcd8 30. R1g2 Bg7 31. Rg5 Rgf8 32. Ne5 dxe5 33. Bxc5 Qf6 34. Bxf8 Rxf8 35. Qxf6 Bxf6 36. fxe5 Bd8 37. d6 Re8 38. Bxf5 Rxe5 39. Bxg6 Rxg5 40. Rxg5 Bxg5 41. Bxe4 Bd2 42. Bxb7 Bxa5 43. c4 Kg7 44. c5 Bb4 45. d7 Ba5 1-0

[Event "RC-2011-0-00086"]
[Site "LSS email"]
[Date "2011.11.06"]
[Round "?"]
[White "Draba, Henryk"]
[Black "Pasqua, Giovanni"]
[Result "0-1"]
[WhiteElo "1606"]
[BlackElo "1871"]
[PlyCount "104"]
[EventDate "2011.10.08"]
[EventType "tourn (corr)"]
[EventRounds "6"]
[EventCountry "GER"]
[SourceTitle "Telechess CBM 149"]
[Source "ChessBase"]
[SourceDate "2012.07.17"]
[SourceVersion "1"]
[SourceVersionDate "2012.07.17"]
[SourceQuality "1"]

1. d4 Nf6 2. c4 c6 3. Nc3 d5 4. Bg5 dxc4 5. Bxf6 exf6 6. e3 Be6 7. Nf3 Nd7 8. Be2 Be7 9. 0-0 0-0 10. Qc2 f5 11. Rfd1 Qa5 12. b3 Nb6 13. Ne5 cxb3 14. axb3 Qb4 15. Bc4 Nd5 16. Na4 Bd6 17. h3 Bxe5 18. dxe5 Rfd8 19. Rd4 Qe7 20. Rad1 Nb4 21. Qc3 Rxd4 22. Qxd4 b5 23. Bxe6 bxa4 24. Bxf5 a3 25. Qa1 a2 26. Rd7 Qc5 27. h4 h5 28. g3 a6 29. Kh2 Rb8 30. Kg1 Rc8 31. Kh2 Re8 32. Kg1 Qf8 33. Rc7 f6 34. e6 Qd6 35. Rd7 Qe5 36. Qxe5 fxe5 37. Rd1 Kf8 38. Kf1 Nd5 39. Ra1 Nc3 40. Bg6 Rd8 41. Bxh5 Rd2 42. Kg2 Ke7 43. Bg4 Rb2 44. Bf5 e4 45. g4 Rb1 46. Rxa2 Nxa2 47. Bxe4 Rxb3 48. Bxc6 a5 49. Kf3 Kxe6 50. Ke4 Rb4+ 51. Kf3 a4 52. e4 Nc3 0-1